Partial recall : (Record no. 96222)

MARC details
000 -LEADER
fixed length control field 01093nam a22002537a 4500
005 - DATE AND TIME OF LATEST TRANSACTION
control field 20170714161513.0
010 ## - LCCN (DPL NO)
LC control number 1516EN07 ENG-114757
020 ## - INTERNATIONAL STANDARD BOOK NUMBER
Terms of availability 495.00
International Standard Book Number 9788178243924
020 ## - INTERNATIONAL STANDARD BOOK NUMBER
Terms of availability 650.00 (AV)
International Standard Book Number 9788178243924
035 ## - SYSTEM CONTROL NUMBER
System control number B-612510-520
035 ## - SYSTEM CONTROL NUMBER
System control number B-668037
037 ## - SOURCE OF ACQUISITION
Source of stock number/acquisition Techniz/VEN
Stock number DPL
037 ## - SOURCE OF ACQUISITION
Source of stock number/acquisition DBAD/PUB
082 ## - DEWEY DECIMAL CLASSIFICATION NUMBER
Classification number 809
100 ## - MAIN ENTRY--PERSONAL NAME
Personal name Mehrotra, Arvind Krishna
245 ## - TITLE STATEMENT
Title Partial recall :
Statement of responsibility, etc by Arvind Krishna Mehrotra
Remainder of title essays on literature and literary history /
260 ## - PUBLICATION, DISTRIBUTION, ETC. (IMPRINT)
Place of publication, distribution, etc Ranikhet
Name of publisher, distributor, etc Permanent Black
Date of publication, distribution, etc 2014
270 ## - ADDRESS
City Ranikhet
Postal code 263645
Address Himalayana,Mall Road, Ranikhet Cantt.
300 ## - PHYSICAL DESCRIPTION
Extent 289p.
Dimensions 22cm(pbk)
500 ## - GENERAL NOTE
General note Includes bibliographical references
942 ## - ADDED ENTRY ELEMENTS (KOHA)
Source of classification or shelving scheme Dewey Decimal Classification
Item type English Books
Call number suffix MEH
Classification part 809
Holdings
Withdrawn status Lost status Not for loan Collection code Home library Current library Date acquired Source of acquisition Cost, normal purchase price Full call number Barcode Copy number Cost, replacement price Koha item type
      Non-fiction Ashok Vihar Ashok Vihar 14/07/2017 BPPD/EN/2015-16/AV/16-17/407/15.2.2017/17434/24.2.2017/ 18.3.2017 650.00 809 MEH B-668037 1 650.00 English Books
      Non-fiction Bawana Bawana 10/03/2016 TZ-15226/21.9.2015/144/16.9.2015/4.11.2015 495.00 809 MEH B-612520 1 495.00 English Books
      Non-fiction Central Library Central Library 10/03/2016 TZ-15226/21.9.2015/144/16.9.2015/4.11.2015 495.00 809 MEH B-612510 1 495.00 English Books
    Not For Loan Non-fiction D.B.Act.Division D.B.Act.Division 19/01/2016 DBAD/PUB 495.00 809 MEH EN-98289 1 495.00 English Books
      Non-fiction Janak Puri Janak Puri 10/03/2016 TZ-15226/21.9.2015/144/16.9.2015/4.11.2015 495.00 809 MEH B-612514 1 495.00 English Books
      Non-fiction Karol Bagh Karol Bagh 10/03/2016 TZ-15226/21.9.2015/144/16.9.2015/4.11.2015 495.00 809 MEH B-612518 1 495.00 English Books
      Non-fiction Kasturba Gandhi Marg Kasturba Gandhi Marg 10/03/2016 TZ-15226/21.9.2015/144/16.9.2015/4.11.2015 495.00 809 MEH B-612512 1 495.00 English Books
      Non-fiction Narela Narela 10/03/2016 TZ-15226/21.9.2015/144/16.9.2015/4.11.2015 495.00 809 MEH B-612519 1 495.00 English Books
      Non-fiction Patel Nagar Patel Nagar 10/03/2016 TZ-15226/21.9.2015/144/16.9.2015/4.11.2015 495.00 809 MEH B-612511 1 495.00 English Books
      Non-fiction Peshwa Road Peshwa Road 10/03/2016 TZ-15226/21.9.2015/144/16.9.2015/4.11.2015 495.00 809 MEH B-612513 1 495.00 English Books
      Non-fiction R.K.Puram-8 R.K.Puram-8 10/03/2016 TZ-15226/21.9.2015/144/16.9.2015/4.11.2015 495.00 809 MEH B-612516 1 495.00 English Books
      Non-fiction Sarojini Nagar Sarojini Nagar 10/03/2016 TZ-15226/21.9.2015/144/16.9.2015/4.11.2015 495.00 809 MEH B-612515 1 495.00 English Books
      Non-fiction Sriniwas Puri Sriniwas Puri 10/03/2016 TZ-15226/21.9.2015/144/16.9.2015/4.11.2015 495.00 809 MEH B-612517 1 495.00 English Books

© Delhi Public Library
Hit Counter
free hit counter